000 00331 a2200157 4500
001 188409
020 _a978-85-60160-23-5
040 _cMagnum
100 _aOndjaki
240 1 0 _aOs da minha rua
_lpor
245 1 0 _aOs da minha rua
300 _a159
362 0 _a2007
697 _aLITERATURA GERAL ESTRANGEIRA
942 _cBK
999 _c188409
_d188409